[Event "Regionalliga SW 0304"]
[Site "Bayern"]
[Date "2003.11.23"]
[Round "3.6"]
[White "Linder, Peter"]
[Black "Schulze, Hubertus"]
[Result "1-0"]
[WhiteElo "1994"]
[BlackElo "2079"]
[PlyCount "127"]
[EventDate "2003.10.??"]
[EventType "team-tourn"]
[EventRounds "9"]
[EventCountry "GER"]
[SourceTitle "EXT 2006"]
[Source "ChessBase"]
[SourceDate "2005.11.24"]
[SourceVersion "1"]
[SourceVersionDate "2005.11.24"]
[SourceQuality "1"]
[WhiteTeam "Burlafingen"]
[BlackTeam "Muenchen Tarrasch II"]
[WhiteTeamCountry "GER"]
[BlackTeamCountry "GER"]

1. d4 f5 2. c4 b6 3. Nc3 Nf6 4. Nf3 e6 5. e3 Bb4 6. Bd2 0-0 7. a3 Bxc3 8. Bxc3 Ne4 9. Rc1 d6 10. Be2 Nd7 11. 0-0 Nxc3 12. Rxc3 Nf6 13. b4 Ne4 14. Rc1 a5 15. Qb3 g5 16. Rfd1 Qf6 17. c5 bxc5 18. bxc5 g4 19. Ne1 Kh8 20. cxd6 cxd6 21. f3 gxf3 22. Bxf3 Ba6 23. Rc6 Rab8 24. Rb6 Bc4 25. Qb2 Qd8 26. Rb1 Rxb6 27. Qxb6 Nd2 28. Qxd8 Rxd8 29. Rb7 e5 30. Ra7 exd4 31. exd4 Re8 32. Kf2 Ne4+ 33. Bxe4 Rxe4 34. Nf3 f4 35. Rxa5 Re2+ 36. Kg1 Ra2 37. h4 Kg7 38. Ng5 h6 39. Nh3 Ra1+ 40. Kh2 Rd1 41. Nxf4 Rxd4 42. Kg3 Bf7 43. Kf3 Kf6 44. g4 Rd1 45. Rf5+ Ke7 46. g5 hxg5 47. hxg5 Rg1 48. a4 Rf1+ 49. Ke3 Re1+ 50. Kd3 Be8 51. a5 Bd7 52. Ng6+ Kd8 53. Rf8+ Kc7 54. Nf4 Bb5+ 55. Kd4 Rd1+ 56. Ke4 Re1+ 57. Kf5 Re5+ 58. Kf6 Bd7 59. g6 Rf5+ 60. Kg7 Rxa5 61. Kh6 Ba4 62. Rf7+ Kc6 63. g7 Bb3 64. g8Q 1-0

[Event "Landesliga Sued 0203"]
[Site "Bayern"]
[Date "2003.01.12"]
[Round "4.5"]
[White "Kaunzinger, Albert"]
[Black "Schulze, Hubertus"]
[Result "1-0"]
[WhiteElo "2189"]
[BlackElo "2092"]
[PlyCount "93"]
[EventDate "2002.10.20"]
[EventType "team-tourn"]
[EventRounds "9"]
[EventCountry "GER"]
[SourceTitle "EXT 2004"]
[Source "ChessBase"]
[SourceDate "2003.11.25"]
[SourceVersion "1"]
[SourceVersionDate "2003.11.25"]
[SourceQuality "1"]
[WhiteTeam "Groebenzell"]
[BlackTeam "Muenchen Tarrasch"]
[WhiteTeamCountry "GER"]
[BlackTeamCountry "GER"]

1. d4 f5 2. Bf4 b6 3. e3 Bb7 4. Nf3 Nf6 5. h3 e6 6. Be2 Be7 7. 0-0 0-0 8. a4 a5 9. Na3 Nd5 10. Bh2 d6 11. Nb5 Nd7 12. Nd2 N7f6 13. Bf3 c6 14. Na3 Ra7 15. c3 Ba6 16. Re1 Re8 17. Qb3 Bf8 18. e4 fxe4 19. Nxe4 Nxe4 20. Rxe4 Bd3 21. Ree1 Bf5 22. Nc4 Rf7 23. Ne3 Nxe3 24. Rxe3 d5 25. Rae1 c5 26. Bxd5 cxd4 27. Rxe6 Bxe6 28. Rxe6 Kh8 29. cxd4 Rfe7 30. Be5 Rxe6 31. Bxe6 Bb4 32. Qg3 Qe7 33. d5 Rd8 34. f4 Rf8 35. h4 Bc5+ 36. Kh2 Bd6 37. h5 Bxe5 38. fxe5 Qe8 39. Bg4 Qxa4 40. d6 Qd4 41. e6 Qe4 42. e7 Rg8 43. Kh3 h6 44. Qf3 Qe1 45. Qe2 Qh1+ 46. Kg3 Re8 47. d7 1-0